[Event "Landesliga U20 Sued 1112"]
[Site "Bayern"]
[Date "2012.03.10"]
[Round "7.2"]
[White "Adam, Maximilian"]
[Black "Keil, Christoph"]
[Result "1/2-1/2"]
[WhiteElo "1573"]
[BlackElo "1602"]
[PlyCount "55"]
[EventDate "2011.11.12"]
[EventType "team-tourn"]
[EventRounds "7"]
[EventCountry "GER"]
[SourceTitle "EXT 2022"]
[Source "ChessBase"]
[SourceDate "2021.10.06"]
[SourceVersion "1"]
[SourceVersionDate "2021.10.06"]
[SourceQuality "1"]
[WhiteTeam "Koetz/Ichenhausen U20"]
[BlackTeam "Ebersberg Grafing U20"]
[WhiteTeamCountry "GER"]
[BlackTeamCountry "GER"]

1. d4 Nf6 2. Nf3 d5 3. e3 Bf5 4. c4 e6 5. Nc3 c6 6. Be2 Nbd7 7. a3 h6 8. 0-0 Bd6 9. c5 Bc7 10. b4 0-0 11. Bb2 e5 12. dxe5 Nxe5 13. Nd4 Bh7 14. f4 Ned7 15. Bd3 Re8 16. Bxh7+ Kxh7 17. Qc2+ Ne4 18. Rae1 Ndf6 19. Rf3 Qd7 20. h3 Kh8 21. Nd1 Bd8 22. Nf2 Nxf2 23. Rxf2 Ne4 24. Rf3 Bh4 25. Re2 Bg3 26. Qd3 Re7 27. Rc2 Rae8 28. Re2 1/2-1/2

[Event "Landesliga U20 Sued 1112"]
[Site "Bayern"]
[Date "2012.01.21"]
[Round "4.2"]
[White "Keil, Christoph"]
[Black "Hilger, Sebastian"]
[Result "1-0"]
[WhiteElo "1602"]
[BlackElo "1290"]
[PlyCount "105"]
[EventDate "2011.11.12"]
[EventType "team-tourn"]
[EventRounds "7"]
[EventCountry "GER"]
[SourceTitle "EXT 2022"]
[Source "ChessBase"]
[SourceDate "2021.10.06"]
[SourceVersion "1"]
[SourceVersionDate "2021.10.06"]
[SourceQuality "1"]
[WhiteTeam "Ebersberg Grafing U20"]
[BlackTeam "Vaterstetten SC U20 II"]
[WhiteTeamCountry "GER"]
[BlackTeamCountry "GER"]

1. Nf3 Nc6 2. c4 e5 3. Nc3 Nf6 4. e4 Bc5 5. Be2 d6 6. 0-0 Nd4 7. d3 0-0 8. a3 h6 9. b4 Nxf3+ 10. Bxf3 Bd4 11. Qc2 Bg4 12. Bxg4 Nxg4 13. h3 Nf6 14. Ra2 a6 15. Ne2 Nd7 16. Nxd4 exd4 17. Bf4 f5 18. exf5 Rxf5 19. Bg3 Qf6 20. Qd1 Rf8 21. Re2 h5 22. Kh1 h4 23. Bh2 g5 24. f3 Kh8 25. Rfe1 Ne5 26. Re4 b6 27. Qe2 Nc6 28. Re6 Qf7 29. Qe4 Qd7 30. Re8 Kg7 31. Rxf8 Rxf8 32. Bg1 Rf4 33. Qd5 Rf5 34. Bxd4+ Kf8 35. Qe4 Rf4 36. Qg6 Nxd4 37. Qh6+ Kg8 38. Qxg5+ Kh7 39. Qxf4 Nf5 40. Qe4 Kh6 41. Qe6+ Qxe6 42. Rxe6+ Kg5 43. Kg1 Kf4 44. Kf2 b5 45. Rf6 Ke5 46. Rxf5+ Kxf5 47. g3 hxg3+ 48. Kxg3 c6 49. f4 bxc4 50. dxc4 d5 51. cxd5 cxd5 52. Kf3 d4 53. a4 1-0